Naruto: Opening - Statistiques

Statistiques générales
  • Ce quiz a été pris 166 fois
  • Le résultat moyen est 9 sur 29
Statistiques - réponses
Opening % Correct
Blue Bird
92%
Silhouette
67%
Sign
56%
Go
54%
Hero's Come Back
52%
Lovers
46%
Distance
44%
Closer
42%
Rocks
37%
Haruka Kanata
32%
Diver
29%
Guren
29%
Yura Yura
29%
Kaze
27%
Kara no Kokoro
26%
Moshimo
26%
Hotaru no Hikari
21%
Totsugeki Rock
21%
Blood Circulator
20%
Newsong
20%
Namikaze Satellite
19%
Line
18%
Re:member
17%
Toumei Datta Sekai
16%
Kanashimi Wo Yasashisa Ni
15%
Tsuki no Ookisa
15%
No Boy, No Cry
13%
Niwaka Ame ni mo Makezu
10%
Seishun Kyousoukyoku
6%
Aucun quiz correspondant
Distribution des résultats
% des personnes avec chaque résultat
Percentile par nombre de réponses
Votre historique - résultats
Vous n’avez pas pris ce quiz